Īl̲anāṭṭin̲ Tamil̲c cuṭarmaṇika. (Record no. 82703)

MARC details
000 -LEADER
fixed length control field 00634cam a22002411 4500
001 - CONTROL NUMBER
control field sa 68009082
003 - CONTROL NUMBER IDENTIFIER
control field DLC
005 - DATE AND TIME OF LATEST TRANSACTION
control field 20260227112539.0
008 - FIXED-LENGTH DATA ELEMENTS--GENERAL INFORMATION
fixed length control field 890504s1967 ii b 000 0 tamo
010 ## - LIBRARY OF CONGRESS CONTROL NUMBER
LC control number sa 68009082
035 ## - SYSTEM CONTROL NUMBER
System control number (OCoLC)19654965
040 ## - CATALOGING SOURCE
Original cataloging agency DLC
Transcribing agency WaU
Modifying agency DLC
042 ## - AUTHENTICATION CODE
Authentication code premarc
043 ## - GEOGRAPHIC AREA CODE
Geographic area code a-ce---
050 00 - LIBRARY OF CONGRESS CALL NUMBER
Classification number PL4758.1
Item number .K3
100 1# - MAIN ENTRY--PERSONAL NAME
Personal name Kaṇapatippiḷḷai, Ten̲pulōliyūr M.
245 10 - TITLE STATEMENT
Title Īl̲anāṭṭin̲ Tamil̲c cuṭarmaṇika.
260 ## - PUBLICATION, DISTRIBUTION, ETC.
Date of publication, distribution, etc. [1967]
300 ## - PHYSICAL DESCRIPTION
Extent 242 p.
Dimensions 18 cm.
500 ## - GENERAL NOTE
General note In Tamil.
504 ## - BIBLIOGRAPHY, ETC. NOTE
Bibliography, etc. note Bibliography: p.[215]-233.
650 #0 - SUBJECT ADDED ENTRY--TOPICAL TERM
Topical term or geographic name entry element Authors, Tamil
Geographic subdivision Sri Lanka.

No items available.

Powered by Koha